Creación de una maquina mecánico manual aporreadora de frijoles en Nicaragua
Presenta estudio de prefactibilidad completo acerca de la creación de una maquina mecánico manual aporreadora de frijoles en Nicaragua, incluye generalidades, estudio de mercado, estudio técnico y estudio financiero.
| Main Authors: | , |
|---|---|
| Other Authors: | |
| Format: | Tesis Section = Libro |
| Language: | Undetermined Spanish |
| Published: |
Managua
UNI
2011
|
| Subjects: |
| LEADER | 01008nam a2200253Ia 4500 | ||
|---|---|---|---|
| 008 | 240830s9999 xx 000 0 und d | ||
| 040 | |a BIBLIOTECA-RUPAP Mon 658.404 D415 | ||
| 041 | |a spa | ||
| 082 | |a Mon 658.404 D415 | ||
| 100 | 1 | |a Denueda Morales, Mayda Enriqueta | |
| 100 | 1 | |b Palacios Obregón, Mayerling Karola | |
| 245 | 1 | 0 | |a Creación de una maquina mecánico manual aporreadora de frijoles en Nicaragua |
| 260 | |a Managua |b UNI |c 2011 | ||
| 300 | |a 115 p. :il. | ||
| 500 | |a Contiene: anexos. | ||
| 502 | |a Tesis (Ingeniero Industrial)- UNI, 2011. | ||
| 520 | 3 | |a Presenta estudio de prefactibilidad completo acerca de la creación de una maquina mecánico manual aporreadora de frijoles en Nicaragua, incluye generalidades, estudio de mercado, estudio técnico y estudio financiero. | |
| 650 | 7 | |a EVALUACIÓN DE PROYECTOS | |
| 650 | 7 | |b ESTUDIO DE MERCADO | |
| 650 | 7 | |c ESTUDIO TECNICO. | |
| 700 | 1 | |a Tutor: |b Silva Sobalbarro, Freddy Manuel | |
| 942 | |c BK |2 ddc | ||
| 991 | |a TESIS | ||
| 999 | |c 17337 | ||